[Event "Let's Play Chess!"]
[Site "http://www.queenalice.com/game.php?id=1790757"]
[Date "2022.6.17"]
[Round "-"]
[White "Charles56"]
[Black "ROYANDROLL"]
[Result "0-1"]
[WhiteElo "1767"]
[BlackElo "1575"]

1. d4 d5 2. a3 f6 3. Nc3 c6 4. h3 b5 5. Nf3 a5 6. e4 e6 7. exd5 exd5 8. Bf4 Bd6
9. Bxd6 Qxd6 10. Bd3 Ne7 11. g3 Be6 12. Qe2 Qd7 13. Kd2 Bxh3 14. Nxb5 O-O 15.
Nc3 Bg4 16. Rh2 h6 17. Na4 Ra7 18. Qe3 Re8 19. Re1 Qd6 20. Nh4 Rc7 21. f3 Bd7
22. Qf2 g5 23. Ng2 Kg7 24. Rh5 Be6 25. Reh1 Rh8 26. f4 Bf7 27. R5h2 Be6 28. fxg5
fxg5 29. Nc5 Nc8 30. Rf1 Rf7 31. Qe3 Re8 32. Rxf7+ Bxf7 33. Qf3 Nd7 34. Qg4 Nxc5
35. dxc5 Qf6 36. c3 Qf2+ 37. Kd1 Qg1+ 38. Kc2 Qxh2 39. Qf3 Rf8 40. Kb3 d4+ 41.
Ka4 Bb3+ 0-1

[Event "Challenge"]
[Site "http://www.queenalice.com/game.php?id=1792139"]
[Date "2022.7.7"]
[Round "-"]
[White "digger"]
[Black "ROYANDROLL"]
[Result "1-0"]
[WhiteElo "1648"]
[BlackElo "1584"]

1. e4 e5 2. d4 f6 3. dxe5 fxe5 4. Bc4 Qe7 5. Nf3 Qb4+ 6. Nbd2 b5 7. a3 Qc5 8. b4
Qb6 9. Bb3 Nc6 10. O-O Qa6 11. Bb2 d6 12. Nh4 Be7 13. Nf5 Bxf5 14. exf5 Qc8 15.
Be6 Qa6 16. Re1 Nd8 17. Bd5 c6 18. Bb3 Qc8 19. Qf3 Bf6 20. Ne4 Nb7 21. Qh5+ Kf8
22. Qf7# 1-0

[Event "Challenge"]
[Site "http://www.queenalice.com/game.php?id=1792869"]
[Date "2022.7.21"]
[Round "-"]
[White "ROYANDROLL"]
[Black "digger"]
[Result "1-0"]
[WhiteElo "1572"]
[BlackElo "1610"]

1. e4 e5 2. d3 Qf6 3. f3 Bc5 4. h4 Ne7 5. Bg5 Qb6 6. Ne2 Nec6 7. b3 O-O 8. c3
Bf2+ 9. Kd2 f6 10. Bxf6 Rxf6 11. b4 Be3+ 12. Kc2 d6 13. Ng3 g6 14. Na3 Ne7 15.
Nc4 Qb5 16. a4 Qd7 17. b5 Bc5 18. d4 exd4 19. cxd4 Bb4 20. Rb1 a5 21. Nxa5 Bxa5
22. Kd3 c6 23. Ke3 cxb5 24. Rxb5 Qe8 25. Qb3+ Kg7 26. Rg5 Nec6 27. Nh5+ Kh6 28.
Nxf6 Kg7 29. Nxe8+ Kf8 30. Nxd6 Bd7 31. Qf7# 1-0

[Event "Challenge"]
[Site "http://www.queenalice.com/game.php?id=1793078"]
[Date "2022.7.24"]
[Round "-"]
[White "ROYANDROLL"]
[Black "cyrano"]
[Result "1-0"]
[WhiteElo "1571"]
[BlackElo "1433"]

1. e4 e5 2. a3 a5 3. d3 c5 4. c4 Nc6 5. Be3 d6 6. g3 h6 7. h4 Nf6 8. f3 Nh5 9.
Ne2 Qf6 10. Bg2 Nd4 11. Bxd4 exd4 12. f4 Bg4 13. Bh3 Bf3 14. Qa4+ b5 15. Qxb5+
Kd8 16. Qd7# 1-0

[Event "Challenge"]
[Site "http://www.queenalice.com/game.php?id=1794061"]
[Date "2022.8.12"]
[Round "-"]
[White "ROYANDROLL"]
[Black "cyrano"]
[Result "1-0"]
[WhiteElo "1585"]
[BlackElo "1423"]

1. e4 e5 2. f3 c5 3. c4 Nc6 4. d3 Nd4 5. Be3 Qa5+ 6. Nc3 d6 7. Kf2 f5 8. Bxd4
cxd4 9. Nd5 f4 10. b4 Qd8 11. Qa4+ Bd7 12. b5 a6 13. Qb3 Qh4+ 14. Ke2 g5 15.
Nc7+ Kf7 16. Nxa8 g4 17. Nb6 Be6 18. Na4 g3 19. h3 Bd7 20. bxa6 Nf6 21. Qxb7 Be7
22. a7 Bxa4 23. a8=Q Be8 24. Qaa7 Nd7 25. a4 Nc5 26. Qbb6 Nd7 27. Qbc7 Bd8 28.
Qxd6 Be7 29. Qd5+ Kf8 30. Qda8 Bd8 31. Rb1 h5 32. Rb7 Rh7 33. c5 Qf6 34. Rb2 Rf7
35. Rc2 Qe6 36. c6 Nb6 37. Qxf7+ Kxf7 38. c7 Nxa8 39. cxd8=Q Bc6 40. a5 Be8 41.
Qxa8 Bb5 42. Qb7+ Bd7 43. a6 Kf6 44. a7 Qe8 45. a8=Q Qf7 46. Rc7 Ke6 47. h4 Qe7
48. Nh3 Kd6 49. Qaa6+ Bc6 50. Qaxc6# 1-0

[Event "Challenge"]
[Site "http://www.queenalice.com/game.php?id=1794062"]
[Date "2022.8.12"]
[Round "-"]
[White "cyrano"]
[Black "ROYANDROLL"]
[Result "1-0"]
[WhiteElo "1413"]
[BlackElo "1595"]

1. e4 e5 2. Bc4 Qh4 3. Nf3 Qxe4+ 4. Be2 d6 5. d3 Qc6 6. h3 f6 7. c4 g5 8. g4 Qb6
9. Be3 Qxb2 10. Nbd2 c5 11. Qa4+ Bd7 12. Rb1 Qxb1+ 13. Nxb1 Bxa4 14. Nc3 Bc6 15.
a4 Na6 16. Nb5 Bxb5 17. axb5 Nb4 18. O-O a5 19. Nd2 a4 20. Bf3 Rb8 21. Ra1 Nxd3
22. Rxa4 Nb4 23. Ra7 Ne7 24. Bxb7 h5 25. f3 Ng6 26. Be4 Ne7 27. b6 Rxb6 28. Ra8+
Kf7 29. Kg2 hxg4 30. fxg4 Ke6 31. Kg3 d5 32. cxd5+ Nbxd5 33. Bxc5 Rc6 34. Bxe7
Rc3+ 35. Nf3 Nxe7 36. Ra6+ Kf7 37. Ra7 Bh6 38. Bd5+ Kf8 39. Bb7 Rc7 40. Ra8+ Kg7
41. Be4 Rxa8 42. Bxa8 Rd7 43. h4 f5 44. hxg5 f4+ 45. Kh4 Kg6 46. Nxe5+ Kg7 47.
Nxd7 Bxg5+ 48. Kxg5 Ng6 49. Be4 Ne5 50. Nxe5 f3 51. Nxf3 Kf7 52. Kh6 Kf6 53. g5+
Ke6 54. g6 Kd6 55. g7 Kc5 56. g8=Q Kb4 57. Qb8+ Kc3 58. Qe5+ Kc4 59. Qd5+ Kc3
60. Qd3+ Kb4 61. Nd4 Kc5 62. Ne6+ Kb6 63. Qd5 Ka6 64. Qb7+ Ka5 65. Qa7+ Kb4 66.
Qc5+ Kb3 67. Nd4+ Ka4 68. Bc2# 1-0

[Event "Challenge"]
[Site "http://www.queenalice.com/game.php?id=1794181"]
[Date "2022.8.13"]
[Round "-"]
[White "ROYANDROLL"]
[Black "ChessColossos"]
[Result "1-0"]
[WhiteElo "1555"]
[BlackElo "2184"]

1. e4 h6 2. d3 a6 3. b4 e6 4. g4 f6 5. a3 d6 6. c4 c6 7. h4 g6 8. f4 b6 9. d4 e5
10. f5 h5 11. gxh5 gxf5 12. dxe5 dxe5 13. Qxd8+ Kxd8 14. exf5 Bxf5 15. h6 Bxh6
16. Bxh6 Nxh6 17. Be2 Rg8 18. Bh5 Bd3 19. Nc3 Bxc4 20. Ne4 f5 21. Rd1+ Bd5 22.
Nf6 Rg3 23. Nxd5 cxd5 24. Rxd5+ Nd7 25. Nh3 Rxa3 26. O-O Rxh3 27. Kg2 Rxh4 28.
Be2 Rxb4 29. Rh1 Nf7 30. Rh7 Ra7 31. Rxf7 f4 32. Rd6 Rd4 33. Rf8+ Ke7 34. Rxd4
Kxf8 35. Rd6 Ke7 36. Rh6 Nf6 37. Bc4 b5 38. Ba2 b4 39. Rg6 Ra8 40. Rg7+ Kd6 41.
Rg6 Rf8 42. Kf3 Kc5 43. Rg5 Kd4 44. Rg7 e4+ 45. Kg2 e3 46. Re7 Kc3 47. Bb1 Kb2
48. Bf5 Re8 49. Rxe8 Nxe8 50. Bg4 a5 51. Kf3 a4 52. Kxf4 a3 53. Be6 e2 54. Bd7
Nc7 55. Ke5 e1=Q+ 56. Kd6 Qg3+ 57. Kc6 b3 58. Be6 a2 59. Bxb3 Kxb3 60. Kd7 a1=B
61. Kc6 Qd6+ 62. Kb7 Qc6+ 63. Kc8 Bf6 64. Kb8 Qb7+ 65. Kxb7 Nd5 66. Kc6 Ne3 67.
Kd6 Kc4 68. Ke6 Bh4 69. Ke5 Kd3 70. Kf4 Bd8 71. Ke5 Bg5 72. Kd6 Kd4 73. Ke6 Bf4
74. Kf6 Kd5 75. Ke7 Kc6 76. Ke6 Kc7 77. Kf6 Kd7 78. Kg6 Ke7 79. Kh5 Bg3 80. Kg5
Kf7 81. Kh5 Kf6 82. Kh6 Ng4+ 83. Kh5 Ne5 84. Kh6 Kf5 85. Kh5 Kf4 86. Kh6 Bh4 87.
Kh5 Be7 88. Kh6 Kg4 89. Kg7 Kg5 90. Kh7 Bf8 91. Kg8 Be7 92. Kg7 Kh5 93. Kh7 Bf8
94. Kg8 Bh6 95. Kh7 Kg5 96. Kg8 Kg6 97. Kh8 Nd7 98. Kg8 Nf6+ 99. Kh8 1-0

[Event "Challenge"]
[Site "http://www.queenalice.com/game.php?id=1794182"]
[Date "2022.8.13"]
[Round "-"]
[White "digger"]
[Black "ROYANDROLL"]
[Result "0-1"]
[WhiteElo "1589"]
[BlackElo "1537"]

1. d4 d6 2. e4 h5 3. Nc3 c6 4. Bg5 f6 5. Bf4 g5 6. Be3 Qb6 7. b3 h4 8. h3 Qd8 9.
d5 c5 10. Bb5+ Nd7 11. a4 a6 12. Bc4 Qa5 13. Bd2 Qc7 14. Qf3 Ne5 15. Qe2 Qa5 16.
Bd3 b5 17. Nb1 b4 18. c3 bxc3 19. Bxc3 Qb6 20. Bc2 Nd7 21. Nd2 Nh6 22. Nc4 Qa7
23. b4 Bg7 24. Nf3 O-O 25. a5 Bb7 26. Ne3 Rfe8 27. b5 axb5 28. Qxb5 Nf8 29. O-O
Ba6 30. Qb3 Bxf1 31. Nxf1 Qa6 32. Bd2 Rab8 33. Qe3 Rb2 34. Qc3 Reb8 35. Bc1 R2b5
36. Bd3 Rb3 37. Qxb3 Rxb3 38. Bxa6 Kh7 39. Bc4 Rb4 40. N1d2 f5 41. exf5 Bxa1 42.
Kh2 Nxf5 43. a6 Ra4 44. Bd3 Kg6 45. g4 hxg3+ 46. fxg3 Kf6 47. Ne4+ Kg6 48. Nexg5
Be5 49. Ne4 c4 50. Bc2 Rxa6 51. Kg2 Ra2 52. Ne1 Nd7 53. g4 Nh4+ 54. Kh1 Kg7 55.
Bd2 Ra3 56. Nf2 Bg3 57. Ne4 Bxe1 58. Bxe1 Ra1 59. Ng5 Rxe1+ 60. Kh2 Re2+ 61. Kg3
Ng2 62. Ne6+ Kf7 63. Ba4 Ne5 64. Bd1 Rd2 65. Ba4 c3 66. Bb3 c2 67. Bxc2 Rxc2 68.
Nd4 Rd2 69. Nf5 Kf6 70. h4 Ne1 71. h5 Kg5 72. h6 Rg2+ 73. Kh3 N5d3 74. h7 Nf2#
0-1

[Event "Challenge"]
[Site "http://www.queenalice.com/game.php?id=1794733"]
[Date "2022.8.22"]
[Round "-"]
[White "ROYANDROLL"]
[Black "cyrano"]
[Result "0-1"]
[WhiteElo "1572"]
[BlackElo "1436"]

1. e4 e5 2. d4 d6 3. d5 h5 4. Be2 Nf6 5. g3 Nxe4 6. Bxh5 Qf6 7. Bf3 Qg6 8. Qd3
f5 9. Bxe4 fxe4 10. Qd1 Bg4 11. Qd2 Be7 12. Qc3 c6 13. h3 Qh5 14. h4 cxd5 15.
Qa5 b6 16. Qxd5 Nc6 17. Qxc6+ Kf7 18. Qd5+ Be6 19. Qxe4 d5 20. Qd3 e4 21. Qd4 g5
22. Be3 Bc5 23. Qc3 Rhc8 24. Bxc5 bxc5 25. f3 d4 26. g4 dxc3 27. gxh5 cxb2 28.
hxg5 bxa1=Q 29. g6+ Kf6 30. g7 Qxb1+ 31. Kf2 Qxc2+ 32. Kg3 e3 33. h6 Qg6+ 34.
Kf4 Qg2 35. Rh5 Qxg1 36. h7 Qxg7 37. h8=Q Rxh8 38. Rxh8 Rxh8 39. Kxe3 Qg1+ 40.
Kd3 Qf1+ 41. Ke3 Rh3 42. Kf4 Qxf3# 0-1

[Event "Challenge"]
[Site "http://www.queenalice.com/game.php?id=1795648"]
[Date "2022.9.6"]
[Round "-"]
[White "Ticovi"]
[Black "ROYANDROLL"]
[Result "1-0"]
[WhiteElo "1610"]
[BlackElo "1551"]

1. e4 e5 2. Nf3 d6 3. Bc4 g5 4. d3 Bg4 5. h3 Bxf3 6. Qxf3 Qe7 7. Bxg5 Qxg5 8.
Qxf7+ Kd8 9. Qxf8+ Kd7 10. Qf7+ Ne7 11. Qf3 Qc1+ 12. Qd1 Qxb2 13. Nd2 Qd4 14.
Qb1 b6 15. Nf3 Qc5 16. Qb2 Rf8 17. O-O Nbc6 18. Rad1 Ng6 19. Ng5 h6 20. Ne6 Rfe8
21. Nxc5+ bxc5 22. Bf7 Rf8 23. Bxg6 Rab8 24. Qc3 Nd4 25. Qc4 Ne2+ 26. Kh1 Nf4
27. Bf5+ Ke7 28. g3 Rb4 29. Qa6 Ra8 30. gxf4 exf4 31. Qc6 Rd8 32. Qxc7+ Ke8 33.
Bg6+ Kf8 34. Qf7# 1-0

[Event "Challenge"]
[Site "http://www.queenalice.com/game.php?id=1795649"]
[Date "2022.9.6"]
[Round "-"]
[White "ROYANDROLL"]
[Black "Ticovi"]
[Result "0-1"]
[WhiteElo "1585"]
[BlackElo "1610"]

1. e4 e5 2. Qg4 Nf6 3. Qf3 Nc6 4. c3 d6 5. b4 Bg4 6. Qg3 Qd7 7. f3 Be6 8. a4
O-O-O 9. Qf2 Be7 10. b5 Nb8 11. Qxa7 b6 12. a5 bxa5 13. Rxa5 c5 14. bxc6 Qxa7
15. Rxa7 Ne8 16. Rxe7 Nc7 17. Na3 Nxc6 18. Rxc7+ Kxc7 19. Nb5+ Kd7 20. Ba3 d5
21. exd5 Bxd5 22. Nd6 Ra8 23. Nb5 Rhb8 24. c4 Be6 25. Bd3 g6 26. Be4 f5 27. Bd3
Nd4 28. Kd1 Nxb5 29. cxb5 Rxa3 30. Ke2 e4 31. fxe4 fxe4 32. Bxe4 Rxb5 33. Nf3
Bg4 34. Rc1 Re5 35. d3 Bxf3+ 36. gxf3 Ra2+ 37. Ke3 Rxh2 38. Ra1 Ke7 39. Kd4 Rg5
40. f4 Rb5 41. Rc1 Kf6 42. Rc6+ Kg7 43. Rc7+ Kh6 44. Kc4 Rc2+ 45. Kxb5 Rxc7 46.
Kb6 Rc1 47. Kb5 Kg7 48. d4 h5 49. d5 Kf6 50. Kb4 h4 51. d6 Ke6 52. Bxg6 Kxd6 53.
f5 Ke7 54. f6+ Kxf6 55. Be8 h3 56. Kb5 h2 57. Bc6 h1=Q 58. Bxh1 Rxh1 59. Kc4 Rd1
60. Kc3 Ke5 61. Kc2 Rd8 62. Kc3 Ke4 63. Kc4 Rc8+ 64. Kb5 Kd4 65. Kb6 Kd5 66. Kb5
Rb8+ 67. Ka4 Kc5 68. Ka3 Kc4 69. Ka2 Kc3 70. Ka3 Ra8# 0-1

[Event "Let's Play Chess!"]
[Site "http://www.queenalice.com/game.php?id=1798448"]
[Date "2022.10.22"]
[Round "-"]
[White "ROYANDROLL"]
[Black "Charles56"]
[Result "0-1"]
[WhiteElo "1552"]
[BlackElo "1623"]

1. e4 e5 2. h3 d5 3. d3 d4 4. h4 Nf6 5. f3 h6 6. c4 Na6 7. a3 Bc5 8. b4 Be7 9.
b5 Nc5 10. g4 b6 11. g5 hxg5 12. Bxg5 Nh5 13. Ne2 f6 14. Bd2 a6 15. bxa6 Bxa6
16. Bb4 Bb7 17. Bh3 Ba6 18. Bg4 b5 19. Bxc5 Bxc5 20. Nd2 Qd6 21. Qb3 c6 22. cxb5
cxb5 23. Qb2 Rb8 24. Nb3 b4 25. Nxc5 Qxc5 26. Rc1 Qb5 27. axb4 Qxd3 28. Qc2
Qxe2+ 29. Qxe2 Bxe2 30. Bxh5+ Rxh5 31. Kxe2 Rxb4 32. Rc8+ Kf7 33. Rhc1 Rxh4 34.
R1c7+ Kg6 35. Rg8 Rh7 36. Ra8 Rh2+ 37. Kd3 Rf2 38. Raa7 Rxf3+ 39. Ke2 Re3+ 40.
Kf2 Rb2+ 41. Kf1 Rxe4 42. Rxg7+ Kf5 43. Ra1 d3 44. Rd1 Rh4 45. Kg1 e4 46. Rf1+
Ke6 47. Rc7 d2 48. Rc6+ Kd5 49. Rcxf6 e3 50. R1f5+ Ke4 51. Rf1 Rg4+ 52. Kh1 Rc2
53. Re6+ Kd5 54. Re8 Rc1 55. Rd8+ Ke4 56. Re8+ Kd3 57. Rd8+ Ke2 58. Rf8 Rxf1+
59. Rxf1 Kxf1 60. Kh2 d1=Q 61. Kh3 Qf3+ 62. Kh2 Qg2# 0-1

[Event "Let's Play Chess!"]
[Site "http://www.queenalice.com/game.php?id=1798449"]
[Date "2022.10.22"]
[Round "-"]
[White "Charles56"]
[Black "ROYANDROLL"]
[Result "1-0"]
[WhiteElo "1526"]
[BlackElo "1570"]

1. Nc3 d5 2. d4 e6 3. a3 b5 4. Nxb5 c5 5. dxc5 Qa5+ 6. Nc3 Bxc5 7. Bd2 Qb6 8. e3
Qxb2 9. a4 a6 10. Bd3 Qb6 11. Nf3 f6 12. O-O g5 13. a5 Qc6 14. Qe2 e5 15. h3 e4
16. Nxg5 exd3 17. Qh5+ Kd7 18. Nf7 dxc2 19. Rfc1 Kc7 20. Nxh8 d4 21. Nd5+ Kd6
22. Nf7+ Kd7 23. e4 Qb7 24. Qxh7 Ne7 25. Nxf6+ Ke6 26. e5 d3 27. Nd8+ Kxe5 28.
Nxb7 Bxb7 29. Ng4+ Kd4 30. Be3+ Kc4 31. Bxc5 Kxc5 32. Qxe7+ Kc4 33. Ra3 d2 34.
Qc7+ Kb4 35. Qc3+ Kb5 36. Qxd2 Nc6 37. Qxc2 Rd8 38. Rb1+ Nb4 39. Qe2+ Kc5 40.
Qe5+ Rd5 41. Qc7+ Bc6 42. Rc3+ Kb5 43. Qb6+ Ka4 44. Qxb4# 1-0

[Event "Let's Play Chess!"]
[Site "http://www.queenalice.com/game.php?id=1798450"]
[Date "2022.10.22"]
[Round "-"]
[White "ROYANDROLL"]
[Black "Charles56"]
[Result "0-1"]
[WhiteElo "1539"]
[BlackElo "1593"]

1. e4 e5 2. c3 a6 3. Qa4 Nf6 4. h3 Nc6 5. b4 d5 6. b5 Na7 7. b6+ Bd7 8. bxc7
Qxc7 9. Qd1 d4 10. cxd4 exd4 11. d3 Bc5 12. Bg5 Qa5+ 13. Nd2 Bb4 14. Nf3 Ba4 15.
Qc1 O-O 16. Bxf6 gxf6 17. Nxd4 Qe5 18. Qc4 Qa5 19. Rb1 Bxd2+ 20. Ke2 Rac8 21.
Qd5 Rc5 22. Qxb7 Rc7 23. Qb2 Bc3 24. Qb6 Qxb6 25. Rxb6 Bxd4 26. Rb4 Rc2+ 27. Kf3
Rxf2+ 28. Kg3 Rxa2 29. Rxd4 Nc6 30. Rd6 Kg7 31. d4 Rd2 32. d5 Nb4 33. Bxa6 Nxa6
34. Rxa6 Bb5 35. Rb6 Bd3 36. Re1 Re8 37. Rb4 Ra2 38. Kf3 Ra3 39. Re3 f5 40. exf5
Rxe3+ 41. Kxe3 Bxf5+ 42. Kf4 Kg6 43. Rb6+ Kg7 44. Kxf5 Ra2 45. g4 h6 46. d6 Rd2
47. h4 Rd5+ 48. Ke4 Rd1 49. Ke5 Re1+ 50. Kd5 Rd1+ 51. Kc6 Kf6 52. Kc7 Ke6 53. g5
hxg5 54. h5 Rc1+ 55. Kb7 g4 56. h6 Kd7 57. Ka7 g3 58. Rb7+ Kxd6 59. Rxf7 g2 60.
Rg7 g1=Q+ 61. Rxg1 Rxg1 62. h7 Rh1 63. h8=Q Rxh8 64. Kb6 Rb8+ 65. Ka7 Rb1 66.
Ka6 Kc5 67. Ka7 Kc6 68. Ka8 Kc7 69. Ka7 Ra1# 0-1

[Event "Let's Play Chess!"]
[Site "http://www.queenalice.com/game.php?id=1800031"]
[Date "2022.11.17"]
[Round "-"]
[White "igor12345"]
[Black "ROYANDROLL"]
[Result "1-0"]
[WhiteElo "1987"]
[BlackElo "1525"]

1. e4 e5 2. f4 f6 3. Nf3 g6 4. Bc4 d6 5. O-O a6 6. d4 b5 7. Bd5 c6 8. Bb3 h5 9.
c3 Bg4 10. h3 Bc8 11. fxe5 dxe5 12. dxe5 Qxd1 13. Rxd1 g5 14. exf6 g4 15. Ng5
Nxf6 16. e5 Nh7 17. Nf7 Bc5+ 18. Kh1 Rf8 19. e6 Ke7 20. Ng5 Nxg5 21. Bxg5+ Ke8
22. Rd8# 1-0

[Event "Challenge"]
[Site "http://www.queenalice.com/game.php?id=1800936"]
[Date "2022.11.29"]
[Round "-"]
[White "mario48"]
[Black "ROYANDROLL"]
[Result "1-0"]
[WhiteElo "2104"]
[BlackElo "1523"]

1. e4 e5 2. Bc4 g6 3. Nf3 d6 4. d4 f6 5. dxe5 fxe5 6. Ng5 h6 7. Nf7 Qh4 8. Nxh8
Qxe4+ 9. Be2 Qxg2 10. Bf3 Qh3 11. Nxg6 c6 12. Nxf8 Kxf8 13. Qxd6+ Ne7 14. Bxh6+
Ke8 15. Bg5 Qe6 16. Bh5+ Kf8 17. Qd8+ Kg7 18. Bxe7 Nd7 19. Rg1+ Kh7 20. Bg6+ Kg7
21. Bf5+ Kf7 22. Bxe6+ Kxe6 23. Rg6+ Kd5 24. Nc3+ Kd4 25. O-O-O+ Kc4 26. Rg4+ e4
27. Rxe4# 1-0

[Event "Challenge"]
[Site "http://www.queenalice.com/game.php?id=1805635"]
[Date "2023.2.6"]
[Round "-"]
[White "Leanne"]
[Black "ROYANDROLL"]
[Result "1-0"]
[WhiteElo "1319"]
[BlackElo "1527"]

1. e4 e5 2. d4 f6 3. dxe5 fxe5 4. Nf3 d6 5. Nc3 Bg4 6. Be2 c6 7. Bd2 d5 8. exd5
cxd5 9. Nxe5 Bxe2 10. Qxe2 Qe7 11. O-O Nd7 12. Nxd5 Qd6 13. Nxd7+ Kxd7 14. Nf4
g5 15. Nh5 Re8 16. Qg4+ Kd8 17. Qxg5+ Be7 18. Qe3 b6 19. Bc3 Bf6 20. Qf3 Bxc3
21. Qxc3 Nh6 22. Rad1 Qxd1 23. Rxd1+ Ke7 24. Qe3+ Kf7 25. Qxh6 Re6 26. Qg7+ Ke8
27. Qxh8+ Ke7 28. Qxh7+ Kf8 29. Rd8+ Re8 30. Qg7# 1-0